Trendy v Employer brandingu pro rok 2018

Použitie videa v EB - Employer brandingu. Umelá inteligencia. Chatboty a hackathony.

Gespeichert in:
Bibliographische Detailangaben
1. Verfasser: Klusoň, Jan
Format: Buchkapitel
Sprache:Tschechisch
Schlagworte:
Tags: Tag hinzufügen
Keine Tags, Fügen Sie das erste Tag hinzu!

MARC

LEADER 00000naa a2200000 4500
001 0242341
005 20180425131527.2
041 0 |a cze 
044 |a CZ 
245 1 0 |a Trendy v Employer brandingu pro rok 2018  |c Jan Klusoň 
520 |a Použitie videa v EB - Employer brandingu. Umelá inteligencia. Chatboty a hackathony. 
610 2 0 |a personalisti 
610 2 0 |a personalistika 
610 2 0 |a zamestnanci 
610 2 0 |a kapitál ľudský 
610 2 0 |a riadenie ľudských zdrojov 
610 2 0 |a zdroje ľudské 
610 2 0 |a inteligencia umelá 
610 2 0 |a chaty 
610 2 0 |a robotizácia 
100 1 |a Klusoň, Jan